Europe countries classified by population density - Statistics

General Stats
  • This quiz has been taken 166 times
  • The average score is 24 of 47
Answer Stats
Hint Answer % Correct
1. 16 403,6 Monaco
100%
3. 1 257,9 Malta
79%
5. 393 Netherlands
78%
6. 336,8 Belgium
77%
4. 454,6 San Marino
77%
2. 2 045,5 Vatican City
74%
8. 233,2 Germany
73%
7. 244,2 United Kingdom
71%
44. 18 Finland
63%
47. 2,7 Iceland
63%
45. 14 Norway
63%
11. 191,6 Italy
62%
43. 19,7 Sweden
62%
9. 232 Liechtenstein
60%
46. 8,3 Russia
60%
10. 200 Switzerland
58%
13. 173,5 Luxembourg
55%
14. 146,2 Andorra
52%
23. 109,3 France
50%
27. 93,6 Spain
50%
42. 31,3 Estonia
48%
41. 36,6 Latvia
48%
40. 45 Lithuania
48%
15. 133 Czech Republic
46%
12. 182,2 Kosovo
46%
38. 49,8 Belarus
45%
18. 124,6 Denmark
45%
37. 55,3 Ireland
45%
19. 123,5 Poland
45%
36. 68,7 Bulgaria
44%
22. 110,1 Portugal
44%
25. 102 Austria
43%
16. 131 Moldova
43%
39. 48,7 Montenegro
43%
24. 106 Hungary
42%
20. 123,3 Albania
41%
29. 91 Romania
41%
21. 111 Slovakia
41%
33. 80,2 Ukraine
40%
35. 77,5 Bosnia-Herzegovina
39%
34. 77,7 Croatia
39%
26. 95,3 Slovenia
39%
31. 81,5 Greece
38%
30. 89,4 Serbia
38%
32. 81,1 Macedonia
34%
17. 130,1 Cyprus
28%
28. 93 Turkey
23%
No matching quizzes found
Score Distribution
Percent of People with Each Score
Percentile by Number Answered
Your Score History
You have not taken this quiz